[Event "HUN-chT2 Szechenyi 1112"]
[Site "Hungary"]
[Date "2011.11.13"]
[Round "3.10"]
[White "Szukics, Adam"]
[Black "Major, Robert"]
[Result "1-0"]
[WhiteElo "1646"]
[BlackElo "1565"]
[PlyCount "117"]
[EventDate "2011.09.25"]
[EventType "team-tourn"]
[EventRounds "11"]
[EventCountry "HUN"]
[SourceTitle "EXT 2013"]
[Source "ChessBase"]
[SourceDate "2012.11.22"]
[SourceVersion "1"]
[SourceVersionDate "2012.11.22"]
[SourceQuality "1"]
[WhiteTeam "Haladas"]
[BlackTeam "Pet"]
[WhiteTeamCountry "HUN"]
[BlackTeamCountry "HUN"]

1. e4 c5 2. Nf3 d6 3. d4 cxd4 4. Nxd4 Nf6 5. Nc3 a6 6. Be3 e5 7. Nf3 Be6 8. Ng5 b5 9. Nxe6 fxe6 10. a3 Be7 11. Bg5 0-0 12. Bxf6 Bxf6 13. g3 Nd7 14. Bh3 Qe7 15. 0-0 Kh8 16. Qd2 Nc5 17. Rad1 Rad8 18. Qe2 Bg5 19. Qg4 Bh6 20. b4 Na4 21. Nxa4 bxa4 22. Qxe6 Qxe6 23. Bxe6 Rf6 24. Bd5 Rf3 25. Rd3 Rxd3 26. cxd3 Rc8 27. Bc4 Rc6 28. f4 exf4 29. gxf4 g6 30. e5 Bf8 31. e6 Be7 32. f5 gxf5 33. Rxf5 Rc8 34. Rf7 Rg8+ 35. Kf2 Rg7 36. Bxa6 Rxf7+ 37. exf7 Kg7 38. Bc4 Bf8 39. b5 d5 40. Bxd5 Bxa3 41. Kf3 Bc5 42. Ke4 a3 43. Bc4 Bd6 44. h3 a2 45. Bxa2 Bc7 46. Kd5 Bb8 47. Ke6 Kf8 48. b6 h5 49. b7 h4 50. Kd7 Bg3 51. Kc8 Bd6 52. b8Q Bxb8 53. Kxb8 Ke7 54. Kc7 Kf8 55. Kd7 Kg7 56. Ke7 Kg6 57. f8Q Kg5 58. Qf6+ Kh5 59. Bf7# 1-0

[Event "HUN-chT2 Szechenyi 1112"]
[Site "Hungary"]
[Date "2011.10.30"]
[Round "2.10"]
[White "Major, Robert"]
[Black "Szentmihalyi, Daniel"]
[Result "0-1"]
[WhiteElo "1565"]
[BlackElo "1781"]
[PlyCount "48"]
[EventDate "2011.09.25"]
[EventType "team-tourn"]
[EventRounds "11"]
[EventCountry "HUN"]
[SourceTitle "EXT 2013"]
[Source "ChessBase"]
[SourceDate "2012.11.22"]
[SourceVersion "1"]
[SourceVersionDate "2012.11.22"]
[SourceQuality "1"]
[WhiteTeam "Pet"]
[BlackTeam "Lovo"]
[WhiteTeamCountry "HUN"]
[BlackTeamCountry "HUN"]

1. e4 c6 2. d4 g6 3. Nf3 Bg7 4. Bc4 d5 5. exd5 cxd5 6. Bb3 Bg4 7. Be3 Nc6 8. c3 Nf6 9. h3 Bf5 10. 0-0 Qd7 11. Ba4 0-0 12. Ne5 Qc8 13. Nd2 Nxe5 14. dxe5 Nd7 15. f4 Nc5 16. Bxc5 Qxc5+ 17. Kh1 Rfd8 18. Nb3 Qb6 19. Qd2 f6 20. Rae1 fxe5 21. fxe5 Be4 22. Qd4 Qe6 23. Nc5 Qxh3+ 24. Kg1 Qxg2# 0-1